Broadway Musical Characters: Which one doesn't belong? - Statistics

General Stats
  • This quiz has been taken 12 times
  • The average score is 9 of 15
Answer Stats
Question Answer % Correct
Hamilton Ben Franklin
100%
Into the Woods Hansel and Gretel
82%
Hadestown Dionysus
73%
Grease Potsie
73%
Rent Rainbow Johnson
73%
Avenue Q Crazy Harry
64%
Ragtime Grandmother
64%
Once Upon a Mattress King Balderdash
64%
MJ The Musical Reggie Jackson
64%
Guys and Dolls Lt. Schrank
55%
The Music Man Agnes Gooch
45%
West Side Story Fernando
45%
Fiddler on the Roof Yentl
45%
Little Shop of Horrors Shirelle
36%
A Strange Loop Tevin Campbell
36%
No matching quizzes found
Score Distribution
Percent of People with Each Score
Percentile by Number Answered
Your Score History
You have not taken this quiz